[Event "Cesme op-A 11th"]
[Site "Izmir"]
[Date "2025.06.29"]
[Round "9"]
[White "Tezcan, Alper"]
[Black "Bin Suhayl, Ieysaa"]
[Result "1/2-1/2"]
[WhiteElo "2170"]
[BlackElo "2231"]
[PlyCount "83"]
[EventDate "2025.06.23"]
[EventType "swiss"]
[EventRounds "9"]
[EventCountry "TUR"]
[SourceTitle "CB27_2025"]
[SourceDate "2025.07.02"]
[SourceVersion "1"]
[SourceVersionDate "2025.07.02"]
[SourceQuality "1"]

1. e4 e5 2. Nf3 Nc6 3. d4 exd4 4. Bc4 Bb4+ 5. c3 dxc3 6. 0-0 Nf6 7. e5 d5 8. Bb5 Nd7 9. Qa4 Be7 10. Bxc6 bxc6 11. e6 fxe6 12. Qxc6 Rb8 13. Nxc3 Rb6 14. Qa4 0-0 15. Re1 Rb4 16. Qc2 Nf6 17. Bg5 Bd6 18. Rad1 h6 19. Bc1 Qe8 20. h3 Qh5 21. Qe2 c5 22. a3 Rb6 23. Qc2 Kh8 24. Na4 Rb5 25. Nc3 Rb6 26. Na4 Rb5 27. Nc3 Rb7 28. b3 Rbf7 29. Nb5 Bb8 30. Qxc5 Nd7 31. Qb4 Rxf3 32. gxf3 Qxf3 33. Qh4 Rf6 34. Rd4 e5 35. Rg4 a6 36. Nd4 Qc3 37. Kf1 exd4 38. Bxh6 Qd3+ 39. Kg1 Rxh6 40. Qxh6+ gxh6 41. Re8+ Kh7 42. Re7+ 1/2-1/2

[Event "Cesme op-A 11th"]
[Site "Izmir"]
[Date "2025.06.26"]
[Round "5"]
[White "Tezcan, Alper"]
[Black "Tinmaz, Kerem"]
[Result "0-1"]
[WhiteElo "2170"]
[BlackElo "2013"]
[PlyCount "114"]
[EventDate "2025.06.23"]
[EventType "swiss"]
[EventRounds "9"]
[EventCountry "TUR"]
[SourceTitle "CB27_2025"]
[SourceDate "2025.07.02"]
[SourceVersion "1"]
[SourceVersionDate "2025.07.02"]
[SourceQuality "1"]

1. e4 c5 2. Nf3 e6 3. d4 cxd4 4. Nxd4 Nc6 5. Nc3 Qc7 6. Qd3 Nf6 7. Ndb5 Qb8 8. Qg3 d6 9. Be3 a6 10. Nd4 h5 11. f3 Ne5 12. 0-0-0 b5 13. Qe1 Qc7 14. f4 Ned7 15. a3 Bb7 16. Bd3 Nc5 17. Bf2 Be7 18. Rf1 d5 19. e5 Nfe4 20. Bxe4 Nxe4 21. Nxe4 dxe4 22. Bh4 g6 23. Bxe7 Qxe7 24. h4 Rc8 25. g3 Rc4 26. Ne2 Qc5 27. c3 Bd5 28. Kb1 Ra4 29. Rd4 Rxd4 30. Nxd4 Qc4 31. Qd1 0-0 32. g4 hxg4 33. Rg1 a5 34. Nc2 Qa2+ 35. Kc1 Bc4 36. Rxg4 Bd3 37. h5 Kg7 38. hxg6 fxg6 39. Qg1 e3 40. Qxe3 Bf5 41. Rg1 b4 42. axb4 axb4 43. Rd1 b3 44. Rd7+ Kg8 45. Ra7 Bxc2 46. Rxa2 bxa2 47. Qa7 Bb3 48. Kd2 Bd5 49. Qg1 Kf7 50. c4 Ra8 51. Qa1 Bxc4 52. Kc3 Bd5 53. Kb4 Rh8 54. b3 Rb8+ 55. Kc5 Rxb3 56. Kd6 Rb6+ 57. Kd7 Rb1 0-1

[Event "Skopje op-A"]
[Site "Skopje"]
[Date "2024.12.17"]
[Round "9"]
[White "Asici, Poyraz Efe"]
[Black "Tezcan, Alper"]
[Result "1/2-1/2"]
[WhiteElo "1853"]
[BlackElo "2057"]
[PlyCount "207"]
[EventDate "2024.12.11"]
[EventType "swiss"]
[EventRounds "9"]
[EventCountry "MKD"]
[SourceTitle "CB52_2024"]
[SourceDate "2024.12.25"]
[SourceVersion "1"]
[SourceVersionDate "2024.12.25"]
[SourceQuality "1"]

1. d4 d5 2. c4 e6 3. Nf3 Nf6 4. Nc3 Be7 5. Bf4 0-0 6. e3 c5 7. dxc5 Bxc5 8. a3 Nc6 9. Qc2 Qa5 10. Rd1 h6 11. Be2 Ne4 12. Rc1 Be7 13. 0-0 Nxc3 14. Qxc3 Qxc3 15. Rxc3 Bf6 16. Rc2 dxc4 17. e4 b5 18. b3 Na5 19. bxc4 bxc4 20. Bd6 Re8 21. e5 Bd8 22. Nd2 Ba6 23. Bb4 Nc6 24. Bxc4 Nxb4 25. axb4 Bb7 26. Bb5 Re7 27. Rfc1 Rb8 28. Be2 Rd7 29. Nb3 Bg5 30. Nc5 Rd4 31. Rc4 Rd2 32. R1c2 Bd5 33. Rxd2 Bxc4 34. Rc2 Bxe2 35. Rxe2 Rxb4 36. g3 Be7 37. Ne4 Rb5 38. f4 Bb4 39. Kg2 a5 40. Ra2 Rd5 41. Kf3 Rd3+ 42. Ke2 Ra3 43. Rb2 Ra1 44. Nd6 Rh1 45. Kf3 Rd1 46. Ra2 Rd2 47. Ra4 Rd3+ 48. Ke4 Ra3 49. Rxa3 Bxa3 50. Nc4 Bb4 51. Nb2 h5 52. h3 Kf8 53. g4 h4 54. f5 Ke7 55. Kd4 Kd7 56. Kc4 Kc6 57. Nd3 exf5 58. gxf5 Bd2 59. Nc5 Bf4 60. Nd3 Bg3 61. Kd4 a4 62. Nb4+ Kd7 63. Nc2 Bf4 64. Kd5 Bc1 65. Kc4 a3 66. Kb3 Bb2 67. Ne3 Bxe5 68. Kxa3 Kd6 69. Kb3 Bd4 70. Ng2 Bf6 71. Kc4 Ke5 72. Kd3 Kxf5 73. Ke3 Bg5+ 74. Kf3 g6 75. Ne1 Bd2 76. Nc2 Bc3 77. Ne3+ Kg5 78. Nd5 Be5 79. Ne3 f5 80. Nc4 Bg3 81. Ne3 Kf6 82. Nd5+ Ke6 83. Ne3 Ke5 84. Nc4+ Kd4 85. Ne3 Kd3 86. Nd5 Bd6 87. Ne3 Bf8 88. Nd5 Bd6 89. Ne3 Kc3 90. Nd5+ Kd4 91. Ne3 Bg3 92. Nc2+ Kd3 93. Ne3 Be5 94. Nd5 g5 95. Ne3 f4 96. Ng4 Bc7 97. Nf6 Bd8 98. Ng4 Kd2 99. Nh2 Ke1 100. Kg4 Kf2 101. Nf3 Be7 102. Nh2 Kg2 103. Nf3 Bf6 104. Ne1+ 1/2-1/2

[Event "Skopje op-A"]
[Site "Skopje"]
[Date "2024.12.15"]
[Round "6"]
[White "Tezcan, Alper"]
[Black "Nikolovski, David"]
[Result "1-0"]
[WhiteElo "2057"]
[BlackElo "1941"]
[PlyCount "93"]
[EventDate "2024.12.11"]
[EventType "swiss"]
[EventRounds "9"]
[EventCountry "MKD"]
[SourceTitle "CB52_2024"]
[SourceDate "2024.12.25"]
[SourceVersion "1"]
[SourceVersionDate "2024.12.25"]
[SourceQuality "1"]

1. e4 c5 2. Nf3 d6 3. d4 cxd4 4. Nxd4 Nf6 5. Nc3 a6 6. Bg5 e6 7. f4 Nbd7 8. Qe2 Qc7 9. 0-0-0 b5 10. a3 Be7 11. g4 Rb8 12. Bxf6 Nxf6 13. f5 e5 14. Nb3 h6 15. h4 Bb7 16. Bg2 Nd7 17. Qe3 Nb6 18. Kb1 Nc4 19. Qg3 Rc8 20. Rd3 f6 21. Rc1 0-0 22. Nd5 Bxd5 23. Rxd5 Qb6 24. Bf1 Rc7 25. Nd2 Rb8 26. Qb3 Kf8 27. Bxc4 bxc4 28. Qxb6 Rxb6 29. c3 Ke8 30. Nf1 Rcb7 31. Rc2 Bd8 32. Rcd2 Be7 33. Ne3 Rc6 34. Ra5 Rb5 35. Rd5 Rxa5 36. Rxa5 Bd8 37. Ra4 a5 38. Rxc4 Rxc4 39. Nxc4 Kd7 40. b4 axb4 41. cxb4 Kc6 42. Ne3 Kb5 43. Kc2 Ka4 44. Kb2 Bb6 45. Nd5 Bd4+ 46. Ka2 Bf2 47. Nc3# 1-0

[Event "Skopje op-A"]
[Site "Skopje"]
[Date "2024.12.14"]
[Round "5"]
[White "Aydemir, Umut"]
[Black "Tezcan, Alper"]
[Result "1/2-1/2"]
[WhiteElo "1972"]
[BlackElo "2057"]
[PlyCount "35"]
[EventDate "2024.12.11"]
[EventType "swiss"]
[EventRounds "9"]
[EventCountry "MKD"]
[SourceTitle "CB52_2024"]
[SourceDate "2024.12.25"]
[SourceVersion "1"]
[SourceVersionDate "2024.12.25"]
[SourceQuality "1"]

1. e4 c6 2. d4 d5 3. exd5 cxd5 4. Bd3 Nc6 5. c3 Nf6 6. Be3 Bg4 7. Qb3 Qc7 8. Ne2 Bxe2 9. Bxe2 e6 10. Nd2 Bd6 11. Nf3 0-0-0 12. g3 h5 13. 0-0-0 Na5 14. Qc2 Nc4 15. Qb3 Na5 16. Qc2 Nc4 17. Qb3 Na5 18. Qc2 1/2-1/2

[Event "Skopje op-A"]
[Site "Skopje"]
[Date "2024.12.12"]
[Round "2"]
[White "Tezcan, Alper"]
[Black "Fromm, Marius"]
[Result "1/2-1/2"]
[WhiteElo "2057"]
[BlackElo "2459"]
[PlyCount "78"]
[EventDate "2024.12.11"]
[EventType "swiss"]
[EventRounds "9"]
[EventCountry "MKD"]
[SourceTitle "CB52_2024"]
[SourceDate "2024.12.25"]
[SourceVersion "1"]
[SourceVersionDate "2024.12.25"]
[SourceQuality "1"]

1. e4 e5 2. Nf3 Nc6 3. d4 exd4 4. Bc4 Nf6 5. e5 d5 6. Bb5 Nd7 7. 0-0 Be7 8. Bxc6 bxc6 9. Nxd4 Nb8 10. Nc3 0-0 11. Qf3 a5 12. Re1 a4 13. a3 Ra6 14. Nf5 Bxf5 15. Qxf5 Qd7 16. Qd3 Rd8 17. Bf4 c5 18. Rad1 d4 19. Ne4 Rb6 20. Bc1 Nc6 21. f4 Qd5 22. Nd2 Na5 23. f5 Bf8 24. Qg3 Nc4 25. Nxc4 Qxc4 26. e6 Bd6 27. Qh4 Re8 28. exf7+ Qxf7 29. Rxe8+ Qxe8 30. Re1 Qd7 31. Qe4 Bf8 32. Qe8 Qxe8 33. Rxe8 c4 34. Kf2 Kf7 35. Ra8 c3 36. bxc3 dxc3 37. Ke2 Rb1 38. Be3 Bxa3 39. Rxa4 Bd6 1/2-1/2

[Event "Plovdiv Tringov Memorial 46th"]
[Site "Plovdiv"]
[Date "2024.08.16"]
[Round "8"]
[White "Tezcan, Alper"]
[Black "Smolin, Sergey"]
[Result "1-0"]
[WhiteElo "1989"]
[BlackElo "1989"]
[PlyCount "85"]
[EventDate "2024.08.11"]
[EventType "swiss"]
[EventRounds "9"]
[EventCountry "BUL"]
[SourceTitle "CBM 221 Extra"]
[Source "ChessBase"]
[SourceDate "2024.09.30"]
[SourceVersion "1"]
[SourceVersionDate "2024.09.30"]
[SourceQuality "1"]

1. e4 g6 2. d4 Bg7 3. Nc3 c6 4. h3 d5 5. e5 h5 6. Nf3 Bf5 7. Bd3 Qd7 8. Bf4 Bxd3 9. Qxd3 Na6 10. 0-0-0 0-0-0 11. Ng5 e6 12. g4 Rf8 13. Be3 Ne7 14. f4 Kb8 15. Ne2 Qc7 16. Kb1 Bh6 17. Nf3 Rc8 18. c3 c5 19. dxc5 Nxc5 20. Bxc5 Qxc5 21. Nfd4 Bg7 22. Rdf1 a6 23. Qg3 Qc7 24. Qf3 Rcf8 25. Ng3 h4 26. Nge2 Nc8 27. Qd3 Nb6 28. Rf3 g5 29. Rhf1 Qd7 30. b3 Qe7 31. f5 exf5 32. Nxf5 Qxe5 33. Re3 Qf6 34. Ned4 Qg6 35. Rfe1 Bxd4 36. Qxd4 Qc6 37. Ne7 Qd6 38. Nf5 Qc6 39. Re7 Nc8 40. Rxf7 Re8 41. Re5 Nb6 42. Rf6 Rxe5 43. Rxc6 1-0

[Event "Plovdiv Tringov Memorial 46th"]
[Site "Plovdiv"]
[Date "2024.08.12"]
[Round "2"]
[White "Tezcan, Alper"]
[Black "Videnova, Iva"]
[Result "1-0"]
[WhiteElo "1989"]
[BlackElo "2314"]
[PlyCount "103"]
[EventDate "2024.08.11"]
[EventType "swiss"]
[EventRounds "9"]
[EventCountry "BUL"]
[SourceTitle "CBM 221 Extra"]
[Source "ChessBase"]
[SourceDate "2024.09.30"]
[SourceVersion "1"]
[SourceVersionDate "2024.09.30"]
[SourceQuality "1"]

1. e4 e5 2. Nf3 Nc6 3. d4 exd4 4. Bc4 Nf6 5. e5 d5 6. Bb5 Ne4 7. Nxd4 Bc5 8. Be3 0-0 9. Nxc6 bxc6 10. Bxc5 Nxc5 11. Bxc6 Rb8 12. Qxd5 Qe7 13. 0-0 Ba6 14. Re1 Rxb2 15. Qd2 Nd3 16. Re3 Nb4 17. Be4 Rd8 18. Qc1 Rxa2 19. Nc3 Rxa1 20. Qxa1 Qc5 21. h3 Bc4 22. Na4 Qe7 23. Nb2 Bd5 24. Qxa7 g6 25. Qa3 c5 26. Qc3 Na2 27. Qa5 Nb4 28. Bxd5 Rxd5 29. c3 Rxe5 30. Rxe5 Qxe5 31. cxb4 Qe1+ 32. Kh2 cxb4 33. Qd8+ Kg7 34. Qd4+ Kg8 35. Nd3 Qd2 36. Qc4 h5 37. f4 Qc3 38. Qxc3 bxc3 39. Kg3 Kg7 40. Kf3 Kf6 41. g4 hxg4+ 42. hxg4 Ke6 43. Ke4 c2 44. Kd4 Kd6 45. Kc3 Kd5 46. Kxc2 Ke4 47. Kd2 Kf3 48. g5 Ke4 49. Ke2 Kf5 50. Kf3 f6 51. gxf6 Kxf6 52. Kg4 1-0

[Event "TUR Cup"]
[Site "Denizli"]
[Date "2024.08.04"]
[Round "9"]
[White "Tezcan, Alper"]
[Black "Tektas, Onur Efe"]
[Result "0-1"]
[WhiteElo "1989"]
[BlackElo "1851"]
[PlyCount "138"]
[EventDate "2024.07.30"]
[EventType "swiss"]
[EventRounds "11"]
[EventCountry "TUR"]
[SourceTitle "EXT 2025"]
[Source "ChessBase"]
[SourceDate "2024.10.14"]
[SourceVersion "1"]
[SourceVersionDate "2024.10.14"]
[SourceQuality "1"]

1. e4 c5 2. Nf3 e6 3. d4 cxd4 4. Nxd4 Nf6 5. Nc3 Nc6 6. Qd3 d5 7. exd5 Nxd5 8. Nxc6 bxc6 9. Ne4 f5 10. Nd2 Be7 11. Nf3 Bf6 12. c4 Nb4 13. Qb3 Qb6 14. Be3 c5 15. Be2 0-0 16. 0-0 Bb7 17. Bf4 Be4 18. Ne5 Nc2 19. Rad1 Qxb3 20. axb3 Nd4 21. Bd3 g5 22. Bxe4 fxe4 23. Nd7 gxf4 24. Nxf8 Kxf8 25. Rfe1 Rb8 26. Rxe4 Rxb3 27. Kf1 e5 28. Ra1 Rxb2 29. Rxa7 h5 30. Re1 Rc2 31. Rb1 Be7 32. Re1 Bf6 33. Rb1 Ke8 34. f3 Rxc4 35. Rb8+ Bd8 36. Rh7 Rc1+ 37. Kf2 Rc2+ 38. Kf1 Ne6 39. Rxh5 Kd7 40. Rb1 Bc7 41. Rh7+ Kc6 42. h4 c4 43. Rd1 Nd4 44. h5 c3 45. h6 Ra2 46. Rf7 c2 47. Rc1 Ra8 48. h7 Ba5 49. Ra7 Rh8 50. Rxa5 Rxh7 51. Kf2 Kd6 52. Ra3 Rc7 53. Ke1 Kd5 54. Kd2 Rg7 55. Rg1 Rb7 56. Rc1 Rg7 57. Rg1 e4 58. Ra5+ Kc4 59. Ra4+ Kc5 60. fxe4 f3 61. g4 f2 62. Rf1 Rxg4 63. Ra5+ Kb4 64. Rd5 Rg1 65. Rxd4+ Kb3 66. Rd3+ Kb2 67. Rc3 Rxf1 68. Rxc2+ Kb1 69. Ke2 Rh1 0-1

[Event "TUR-chT 2nd League"]
[Site "Denizli"]
[Date "2024.07.17"]
[Round "4.15"]
[White "Demir, Berk"]
[Black "Tezcan, Alper"]
[Result "1/2-1/2"]
[WhiteElo "1770"]
[BlackElo "1932"]
[PlyCount "59"]
[EventDate "2024.07.15"]
[EventType "team-swiss"]
[EventRounds "9"]
[EventCountry "TUR"]
[SourceTitle "EXT 2025"]
[Source "ChessBase"]
[SourceDate "2024.10.14"]
[SourceVersion "1"]
[SourceVersionDate "2024.10.14"]
[SourceQuality "1"]
[WhiteTeam "Karaman Yunus Emre"]
[BlackTeam "Cesme Belediye"]
[WhiteTeamCountry "TUR"]
[BlackTeamCountry "TUR"]

1. d4 d5 2. Nf3 Nf6 3. c4 e6 4. Nc3 Be7 5. Bf4 0-0 6. h3 c5 7. e3 Nc6 8. dxc5 Bxc5 9. Be2 Bb4 10. 0-0 Bxc3 11. bxc3 Qa5 12. Qc2 h6 13. Ne5 Ne4 14. cxd5 exd5 15. Nxc6 bxc6 16. c4 Qd2 17. Rac1 Bf5 18. Bd3 Qxc2 19. Bxc2 Be6 20. cxd5 cxd5 21. Bd3 a5 22. f3 Nd2 23. Rf2 Nc4 24. e4 Nb6 25. Bc7 Rfc8 26. Rfc2 Nd7 27. e5 g5 28. h4 Kg7 29. Kf2 Nf8 30. h5 1/2-1/2

[Event "TUR-chT 2nd League"]
[Site "Denizli"]
[Date "2024.07.17"]
[Round "3.13"]
[White "Tezcan, Alper"]
[Black "Arslan, Erdal"]
[Result "0-1"]
[WhiteElo "1932"]
[BlackElo "1918"]
[PlyCount "56"]
[EventDate "2024.07.15"]
[EventType "team-swiss"]
[EventRounds "9"]
[EventCountry "TUR"]
[SourceTitle "EXT 2025"]
[Source "ChessBase"]
[SourceDate "2024.10.14"]
[SourceVersion "1"]
[SourceVersionDate "2024.10.14"]
[SourceQuality "1"]
[WhiteTeam "Cesme Belediye"]
[BlackTeam "Mersin Altin Piyon"]
[WhiteTeamCountry "TUR"]
[BlackTeamCountry "TUR"]

1. e4 c5 2. Nf3 Nc6 3. d4 cxd4 4. Nxd4 Nf6 5. Nc3 e5 6. Ndb5 d6 7. Bg5 a6 8. Na3 b5 9. Nd5 Be7 10. Bxf6 Bxf6 11. c3 0-0 12. Nc2 Bg5 13. a4 bxa4 14. Rxa4 a5 15. Bc4 Be6 16. 0-0 Ne7 17. Qd3 Kh8 18. Nxe7 Bxe7 19. Rfa1 Bd7 20. R4a2 f5 21. Bd5 Rb8 22. exf5 Bxf5 23. Be4 Bxe4 24. Qxe4 Qb6 25. Ne3 Bd8 26. Qd5 h6 27. Rf1 Bc7 28. Qc4 Rf4 0-1

[Event "TUR-ch U13/18"]
[Site "Antalya"]
[Date "2023.01.28"]
[Round "10"]
[White "Tezcan, Alper"]
[Black "Gupluce, Melih"]
[Result "1/2-1/2"]
[WhiteElo "1568"]
[BlackElo "1309"]
[PlyCount "80"]
[EventDate "2023.01.17"]
[EventType "swiss"]
[EventRounds "10"]
[EventCountry "TUR"]
[SourceTitle "EXT 2024"]
[Source "ChessBase"]
[SourceDate "2023.10.10"]
[SourceVersion "1"]
[SourceVersionDate "2023.10.10"]
[SourceQuality "1"]

1. e4 c6 2. Nc3 d5 3. Nf3 Bg4 4. Be2 Nf6 5. exd5 cxd5 6. h3 Bxf3 7. Bxf3 Nc6 8. d4 e6 9. 0-0 Bd6 10. Re1 0-0 11. a3 Qb6 12. Ne2 Rad8 13. c3 e5 14. dxe5 Bxe5 15. Qa4 d4 16. Bxc6 dxc3 17. Nxc3 Bxc3 18. bxc3 Qxc6 19. Qxc6 bxc6 20. Be3 a6 21. c4 Rfe8 22. Rab1 Rb8 23. Rxb8 Rxb8 24. Bf4 Rb3 25. Rd1 h6 26. Rd6 Ne4 27. Rxc6 Rxa3 28. f3 Nc3 29. Rc8+ Kh7 30. Kh2 a5 31. c5 Ra4 32. Bg3 Rc4 33. c6 Ne2 34. Bd6 Nd4 35. c7 Ne6 36. Bg3 Rc5 37. Bd6 Rc3 38. Rb8 Nxc7 39. Rc8 a4 40. Bxc7 a3 1/2-1/2